Учетная политика организации на 2001 год. Принцип формирования, содержание, практические рекомендации, аудиторская проверка

Bibliographische Detailangaben
1. Verfasser: Николаева С. А
Zusammenfassung:Исключено из фонда НТБ ТПУ
Sprache:Russisch
Veröffentlicht: Москва, Аналитика-Пресс, 2001
Ausgabe:4-е изд., перераб. и доп.
Schriftenreihe:Профессиональная библиотека бухгалтера и аудитора
Format: Buch
KOHA link:https://koha.lib.tpu.ru/cgi-bin/koha/opac-detail.pl?biblionumber=26581

MARC

LEADER 00000nam0a2200000 4500
001 26581
005 20231030201701.0
010 |a 5791601131 
035 |a (RuTPU)RU\TPU\book\26825 
035 |a BOOK00026900 
090 |a 26581 
100 |a 20011209d2001 m y0rusy50 ca 
101 0 |a rus 
102 |a RU 
105 |a y z 000zy 
200 1 |a Учетная политика организации на 2001 год. Принцип формирования, содержание, практические рекомендации, аудиторская проверка  |f С. А. Николаева 
205 |a 4-е изд., перераб. и доп. 
210 |a Москва  |c Аналитика-Пресс  |d 2001 
215 |a 352 с. 
225 1 |a Профессиональная библиотека бухгалтера и аудитора 
333 |a Исключено из фонда НТБ ТПУ 
700 1 |a Николаева  |b С. А 
801 0 |a RU  |b 63413507  |c 20011209  |g PSBO 
801 2 |a RU  |b 63413507  |c 20150824  |g PSBO 
942 |c BK